| 000 | 00700nam a2200193Ia 4500 | ||
|---|---|---|---|
| 003 | GCL | ||
| 008 | 140319s9999 xx 000 0 ara d | ||
| 040 |
_aGCL / _cGCL |
||
| 082 | 0 | 4 |
_a811.009 _bق ع |
| 100 | 1 | _aابن رشيق القيروانى : ابو على حسن بن رشيق بن على | |
| 245 | 1 | 0 |
_aالعمدة فى محاسن الشعر وادابة ونقدة / _cابن رشيق القيروانى : ابو على حسن بن رشيق بن على |
| 260 |
_a[S.N] : _bدار الكتب المصرية ، _c1955 |
||
| 300 | _a328 ص | ||
| 490 | _a | ||
| 650 | 0 | 4 | _aالشعر العربى |
| 650 | 0 | 4 | _aالادب العربى |
| 650 | 0 | 4 | _aتاريخ ونقد |
| 942 |
_2ddc _cBK |
||
| 999 |
_c58679 _d58679 |
||